000
00345nam a2200145Ia 4500
008
150201s2014 xx 000 0 und d
082
_a
614.1
_b
S14J
100
_a
JAMES, JASON PAYNE
245
_a
SIMPSON,S FORENSIC MEDIXINE
250
_a
1ST
260
_b
CRC PRESS
_c
2014
300
_a
1-253
650
_a
FORENSIC MEDICINE
942
_2
ddc
_c
BK
999
_c
1632
_d
1632